Statistiken für Geschichte nach Buchstabe - Q

Klicken Sie hier um das Quiz zu spielen!

Allgemein

  • Dieses Quiz wurde 636 mal gespielt
  • Das Durchschnittsergebnis liegt bei 8 aus 16

Antwortstatistiken

Hinweis Antwort % Korrekt
Max Planck gilt als Begründer dieser Physik{Quanten}physik
94%
Möglicherweise die älteste Stadt KanadasQuebec City
89%
Ritterlicher "Don" kreiert von Miguel de CervantesQuijote
82%
Südamerikanische Großstadt, die 1534 gegründet wurdeQuito
73%
Lateinisches Zitat aus dem Johannesevangelium: "Wohin gehst du?"Quo vadis?
65%
Religiöse Bewegung, von welcher William Penn Mitglied warQuäkertum
59%
Diese australische Fluggesellschaft gehört zu den ältesten der WeltQantas
57%
Stadt im Harz mit einer UNESCO-geschützten historischen AltstadtQuedlinburg
52%
Chinas letzte DynastieQing
41%
Gefiederter Schlangengott MesoamerikasQuetzalcoatl
38%
Römisches Amt, das die Finanzen überwachteQuaestur
30%
Philippinischer Präsident und Namensgeber der größten Stadt in der Agglo ManilaManuel L. Quezon
24%
US-Vizepräsident unter George H.W. BushDan Quayle
23%
Letztes als Transatlantikliner konzipiertes Schiff, das heute in Betrieb istQueen Mary 2
20%
Neuseeländische Stadt, nahe welcher das Bungee-Jumping etabliert wurdeQueenstown
20%
Norwegischer Minister und Nazi-KollaborateurVidkun Quisling
16%

Verteilung der Resultate

Perzentil nach korrekt beantworteten Fragen

Anzahl Personen mit jedem Resultat

Ihre Resultats-Entwicklung

Sie haben dieses Quiz noch nicht gespielt